Statistics for The largest cities in Slovakia

Click here to take the quiz!

General Stats

  • This quiz has been taken 62 times
  • The average score is 9 of 15

Answer Stats

Hint Answer % Correct
1Bratislava
100%
2Košice
81%
5Nitra
78%
6Banská Bystrica
76%
4Žilina
74%
3Prešov
72%
10Poprad
71%
7Trnava
67%
8Martin
67%
9Trenčin
66%
12Zvolen
52%
15Michalovce
41%
14Nové Zámky
31%
11Prievidza
28%
13Považská Bystrica
19%

Score Distribution

Percentile by Number Answered

Percent of People with Each Score

Your Score History

You have not taken this quiz